[Event "MCR mladeze, Kouty 2018 - D10"]
[Site "Kouty nad Desnou"]
[Date "2018.03.12"]
[Round "4"]
[White "Pecova, Melisa"]
[Black "Archlebova, Stela"]
[Result "0-1"]
[WhiteElo "1000"]
[BlackElo "1033"]
[EventDate "2018.03.10"]

1. e4  e5  2. Nf3  Nc6
3. Bc4  Nf6  4. Ng5
d5  5. exd5  Nxd5
6. Nc3  Nxc3  7. Nxf7
Qe7  8. dxc3  Rg8
9. Bg5  Qc5  10. b4
Qxc4  11. Nd8  Be7
12. Qf3  Bxg5  13. Qh5+
g6  14. Qxg5  Qxc3+
15. Ke2  Nxd8  16. Rhd1
Qxc2+  17. Ke1  Qe4+
18. Kf1  Nc6  19. b5
Qc4+  20. Kg1  Qxb5
21. Rd2  Be6  22. Qf6
Bg4  23. h3  Rf8
24. Qg5  Be6  25. Qe3
Rd8  26. Rad1  Rxd2
27. Rxd2  Qb1+  28. Kh2
Bxa2  29. Qh6 Qc1  30. Rd3
Qxh6 0-1

[Event "MCR mladeze, Kouty 2018 - D10"]
[Site "Kouty nad Desnou"]
[Date "2018.03.12"]
[Round "4"]
[White "Kosarova, Eliska"]
[Black "Zamarska, Natalie"]
[Result "0-1"]
[WhiteElo "1000"]
[BlackElo "1000"]
[EventDate "2018.03.10"]

1. e4  e5  2. c3  Nf6 3. Qc2 Bc5
4. Nf3  Nc6  5. Bb5
a6 6. Bxc6 bxc6  7. Nxe5  O-O
8. O-O  Re8  9. d4
Bd6  10. f4  c5
11. c4  cxd4 12. Nd3 Rxe4  13. Nf2
d3  14. Qxd3  Bc5
15. Nc3  Re6  16. Na4
Bxf2+  17. Rxf2  Re1+ 18. Rf1
Rxf1+  19. Qxf1  Ng4  20. Qf3
Qh4  21. Qh3  Qf2+
22. Kh1  Qf1# 0-1

[Event "MCR mladeze, Kouty 2018 - D10"]
[Site "Kouty nad Desnou"]
[Date "2018.03.12"]
[Round "4"]
[White "Barteckova, Nikol"]
[Black "Kubickova, Linda"]
[Result "0-1"]
[WhiteElo "1000"]
[BlackElo "1000"]
[EventDate "2018.03.10"]

1. e4  e5  2. Nf3  d6
3. Nc3  Bg4  4. d3
c6  5. Bg5  d5
6. Bxd8  dxe4  7. dxe4  Nd7
8. Ba5  b6  9. Bb4
Rd8 10. Bxf8 Kxf8  11. Qd6+  Ne7
12. Ng5  Re8  13. Qxd7
Bxd7  14. Bc4  f6
15. Nf7  Rg8  16. Rd1
Bc8  17. Nh6  gxh6
18. Bxg8  Kxg8  19. Rd3
c5  20. Rg3+  Kh8
21. Nb5  a6  22. Na7
Bb7  23. c3  Ng8
24. b4  cxb4  25. cxb4
b5  26. Ke2  Ne7
27. Rc1  Ng6  28. Rc7
Bxe4  29. Re3  Bxg2
30. Rg3  Ba8  31. Rgc3
Nf4+  32. Ke3  Ng2+
33. Kd2  Nf4  34. Rd7
Nd5  35. Rc5  Ne7
36. Nc8  Nxc8  37. Rcc7
f5  38. Rxh7+  Kg8
39. Rcg7+  Kf8  40. Rf7+
Kg8  41. Rxh6  Rd8+
42. Rd7  Rxd7+  43. Ke3
f4+  44. Ke2 Kg7 45. Rh3  Re7
46. Rc3  Na7  47. Rc8
Nxc8  48. h3  e4
49. h4  e3  50. h5
f3+  51. Ke1  e2
52. h6+  Kxh6  53. a3
Rc7  54. a4  Rc1+
55. Kd2  Ra1  56. Kc2
Rxa4  57. Kb3  Ra1
58. Kb2  Rf1  59. Kc2
e1=R 60. Kd2  Nd6  61. Kc2
Rxf2+  62. Kc3  Rd1
0-1

[Event "MCR mladeze, Kouty 2018 - D10"]
[Site "Kouty nad Desnou"]
[Date "2018.03.13"]
[Round "5"]
[White "Janouskova, Adela"]
[Black "Hrbkova, Johana"]
[Result "1-0"]
[WhiteElo "1399"]
[BlackElo "1093"]
[EventDate "2018.03.10"]

1. e4  e5  2. Nf3  Nf6
3. Bc4  Nxe4  4. Nc3
Nd6  5. Bb3  e4
6. Nd4  Nc6  7. Nde2  Be7
8. O-O  O-O  9. Ng3
Re8  10. Ngxe4  Nxe4
11. Nxe4  d5  12. Ng3
Bf6  13. c3  b6
14. d4  Ba6  15. Re1  Rxe1+
16. Qxe1  Qd7  17. Bf4
Re8  18. Qd2  Na5
19. Bc2  c6  20. Nh5
Nc4  21. Qd3  h6
22. Nxf6+  gxf6  23. Bxh6
f5  24. Qg3+  Kh7
25. Qg7# 1-0

[Event "MCR mladeze, Kouty 2018 - D10"]
[Site "Kouty nad Desnou"]
[Date "2018.03.13"]
[Round "5"]
[White "Dobsa, Emma"]
[Black "Sikorova, Jana"]
[Result "0-1"]
[WhiteElo "1195"]
[BlackElo "1295"]
[EventDate "2018.03.10"]

1. e4  c5  2. Nf3  e6
3. d4  cxd4  4. Nxd4
a6  5. c4  Qc7
6. Nc3  b6  7. Be2  Bb7
8. O-O  d6  9. f4
Nd7  10. Be3  Ngf6
11. Bf3  Be7  12. Qc2
O-O  13. Rad1  Rac8
14. b3  Rfe8  15. Rd2
Nc5  16. Rfd1  Red8
17. Nde2  Rd7  18. Ng3
Rdd8  19. Nh5  Nxh5
20. Bxh5  Bf6  21. Bd4
Bxd4+  22. Rxd4  Qe7
23. Qd2  e5  24. Bg4
exd4  25. Bxc8  dxc3
26. Qxc3  Rxc8  27. e5
dxe5  28. fxe5  Rd8
29. Rxd8+  Qxd8  0-1

[Event "MCR mladeze, Kouty 2018 - D10"]
[Site "Kouty nad Desnou"]
[Date "2018.03.13"]
[Round "5"]
[White "Hetfleischova, Elen"]
[Black "Zadrapova, Amalie"]
[Result "1/2-1/2"]
[WhiteElo "1250"]
[BlackElo "1141"]
[EventDate "2018.03.10"]

1. e4  e5  2. f4  Bc5
3. Nf3  d6  4. Nc3
Nf6  5. Bc4  Nc6
6. d3  Be6  7. Bd5
Bxd5  8. Nxd5  Nxd5
9. exd5  Nb4  10. c4
O-O  11. a3  Na6
12. Bd2  exf4  13. Qb3
Re8+  14. Kd1  Rb8
15. Qc3  c6  16. dxc6
bxc6  17. d4  Bb6
18. Kc2  Qf6  19. Rhe1
c5  20. d5  Qxc3+
21. Bxc3  Nc7  22. Bd2
Rb7  23. Rxe8+  Nxe8
24. Bxf4  Re7  25. Kd3
Bc7  26. Rc1  f5
27. Rc2  Nf6  28. Re2
Rd7  1/2-1/2

[Event "MCR mladeze, Kouty 2018 - D10"]
[Site "Kouty nad Desnou"]
[Date "2018.03.13"]
[Round "5"]
[White "Reznickova, Sibyla"]
[Black "Dudkova, Josefina"]
[Result "0-1"]
[WhiteElo "1101"]
[BlackElo "1182"]
[EventDate "2018.03.10"]

1. d4  Nf6  2. Nf3  d5
3. c4  dxc4  4. Nc3
Bf5  5. Bf4  e6
6. e3  Bb4  7. Bxc4  Ne4
8. Qb3  Bxc3+  9. bxc3
b6  10. d5  Qe7
11. Bb5+  Kf8  12. Qc4  a6
13. Bc6  b5  14. Qd4
Nxc6  15. dxc6  f6
16. Qb4  Qxb4  17. cxb4
e5  18. Bg3  Kf7
19. O-O  Rhd8  20. Ne1
Nd2  21. f4  Nxf1
22. Kxf1  e4  23. Nc2
Rd2  24. Nd4  Be6
25. Be1  Rxa2  26. Rd1
Rd8  27. Bg3  Bc4+
28. Ke1  Ra3  29. Nc2
Rxd1+  30. Kxd1  Bb3
31. f5  Bxc2+  32. Kxc2
Rd3  33. Bxc7  Ke7
34. Bb6  g6  35. fxg6
hxg6  36. c7  Kd7
37. h4  Rd6  38. Ba5
Rd5  39. g4  f5
40. gxf5  Rxf5  41. Kc3  Rf3
42. Kd4  Rh3  43. Kc5
Kc8  44. Kb6  Rxe3
45. Kxa6  Rb3  46. Kxb5
e3  47. Ka6  e2
48. b5  Ra3  49. Kb6  Rxa5
50. Kxa5  e1=Q+  51. Kb6
Qe5  52. Ka6  Qxc7
53. b6  Qb7+  54. Kb5
Kd7  55. h5  gxh5
56. Ka5  Kc6  57. Ka4
Qxb6  0-1

[Event "MCR mladeze, Kouty 2018 - D10"]
[Site "Kouty nad Desnou"]
[Date "2018.03.13"]
[Round "5"]
[White "Barteckova, Denisa"]
[Black "Cinkova, Vicky"]
[Result "0-1"]
[WhiteElo "1091"]
[BlackElo "1100"]
[EventDate "2018.03.10"]

1. e4  c5  2. Nf3  d6
3. d4  cxd4  4. Nxd4
Nf6  5. Nc3  g6
6. Nb3  Bg7  7. Be2  O-O
8. O-O  Nc6  9. Be3
Be6  10. Bf3  Ne5
11. Be2  Bg4  12. Qe1
Qc7  13. Bg5  Rad8
14. Bxf6  Bxf6  15. Nd5
Qxc2  16. Nxf6+  exf6
17. Bxg4  Nxg4  18. Qd1
Qxe4  19. Re1 Qf4 20. g3  Qxf2+
21. Kh1  Rfe8  22. Rxe8+
Rxe8  23. Qg1  Qf3+
24. Qg2  Nf2+  25. Kg1
Qxg2+  26. Kxg2  Re2
27. Nd4  Rxb2  28. Kf3
Nd3  29. h4  Rd2
30. Nb5  Ne5+  31. Kf4
Rf2+  32. Ke3  Rf3+
33. Kd4  Rd3+  34. Ke4
Rxg3  35. Nxd6  Rg4+
36. Kd5  Rxh4  37. Nxb7
h5  38. Rc1  g5
39. Rc8+  Kg7  40. Nd6 Rf4 41. Ne8+
Kg6  42. Nd6  g4
43. Rg8+  Kh7  44. Rc8
Nd7 45. Rc1  Nb6+  46. Kc5
Na4+  47. Kc6  g3
48. Rh1  h4  49. Nxf7
Rc4+  50. Kd5  g2
51. Re1  Rg4  52. Re7
Nb6+  53. Kc5  g1=Q+ 54. Kc6
Qc1+  55. Kb7  Qc8+  56. Kxa7
Qc5  57. Rb7  Ra4+
58. Kb8  Qc8# 0-1

[Event "MCR mladeze, Kouty 2018 - D10"]
[Site "Kouty nad Desnou"]
[Date "2018.03.13"]
[Round "5"]
[White "Stavova, Marketa"]
[Black "Filipova, Vanesa"]
[Result "1/2-1/2"]
[WhiteElo "1004"]
[BlackElo "1247"]
[EventDate "2018.03.10"]

1. e4  e5  2. Nf3  Nc6
3. Bc4  Bc5  4. O-O
Nf6  5. d3  O-O
6. Nc3  h6  7. Be3  d6
8. h3  Na5  9. b3
c6  10. d4  Bb4
11. Qd2  Nxe4  12. Qd3  Nxc3
13. a3  Nxc4  14. axb4
Nd5  15. Qxc4  b5
16. Qxc6  Be6  17. Qxb5
e4  18. Nd2  Nc3
19. Qa6  Bd7  20. Qa3
Bb5  21. Rfe1  Qc7
22. Qb2  Ne2+  23. Kh1
Qe7  24. c4  Bd7
25. Rxe2  Qh4  26. Kg1
Qh5  27. Nxe4  Qg6
28. Ng3  h5  29. Kh2
h4  30. Nf1  Bf5
31. f3  Bd3  32. Rf2
Rfe8  33. Bf4  Qf6
34. Bd2  d5  35. Bc3
Qd6+  36. Kg1  dxc4
37. bxc4  Bxc4  38. Qd2
Qg6  39. Bb2  a6
40. Qc3  Rac8  41. Qd2
Qf5  42. d5  Bxd5
43. Qd4  f6  44. Qxh4
Qg6  45. Rxa6  Bc4
46. Qd4  Bxa6  47. Qd5+
Kh8  48. Qa2  Bc4
49. Qa1  Ra8  50. Qc1
Rac8  51. Qf4  Kg8
52. Nd2  Bb5  53. Qd4
Re1+  54. Nf1  Re6
55. Qd5  Bc4  56. Qd7
Rd8  57. Qxd8+  Re8
58. Qc7  Bb5  59. Qc5
Rb8  60. Qd5+  Kh8
61. Re2  Bxe2  62. Kf2
Re8  63. Qd4  Bb5
64. Qh4+  Kg8  65. Ne3
Ra8  66. Nd5  Qf7
67. Nxf6+  gxf6  68. Bxf6
Ra2+  69. Kg1  Qa7+
70. Kh2  Qc7+  71. Kh1
Qc1+  72. Kh2  Qc7+
73. Kh1  Qh7  74. Qg5+
Kf7  75. Qf4  Qb1+
76. Kh2  Ke6  77. Qe5+
Kf7  78. Qe7+ Kg6  79. Bh4
Qb2  80. Qg5+  Kf7
81. Qf5+  Ke8  82. Qe6+
Kf8  83. Qf5+  Ke8
84. Qxb5+  Kf7  85. Qd7+
Kg6  86. Qe6+  Kg7
87. Qe7+  Kg6  88. Qg5+
Kf7  89. Qh5+  Ke6
90. Qg6+  Kd5  91. Qe4+
Kd6  92. Bg3+  Kd7
93. Qd5+  Ke7  94. Bh4+
Ke8  95. Qe6+  Kf8
96. Be7+  Kg7  97. Qg4+
Kf7  98. Qf4+  Kxe7
99. Qc7+  Ke6  100. Qc6+
Ke5  101. Qe8+  Kd4
102. Qd7+  Kc3  103. Qc6+
Kd2  104. Qd5+  Kc1
105. Qc4+  Qc2  106. Qf1+
Kb2  107. Qb5  Ka3
108. Qa5+  Qa4  109. Qc5
Rc2  110. Qe3+  Ka2
111. Qe6+  Kb1  112. Qe1+
Rc1  113. Qe4+  Qc2
114. b5  Qxe4  115. fxe4
Re1  116. Kg3  Rxe4
117. h4  Rb4  118. Kh3
Rxb5  119. g4  Rb3+
120. Kg2  Kc2  121. g5
Rb8  122. Kg3  Rg8
123. Kg4  Kd3  124. Kf4
Kd4  125. h5  Kd5
126. Kf5  Kd6  127. Kf6
Kd7  128. h6  Ke8
129. g6  Kf8  130. g7+
Rxg7  131. hxg7+  Kg8
132. Kg6 1/2-1/2

[Event "MCR mladeze, Kouty 2018 - D10"]
[Site "Kouty nad Desnou"]
[Date "2018.03.13"]
[Round "5"]
[White "Archlebova, Stela"]
[Black "Myskova, Veronika"]
[Result "0-1"]
[WhiteElo "1033"]
[BlackElo "1135"]
[EventDate "2018.03.10"]

1. e4  e5  2. Nf3  Nc6
3. Nc3  Nf6  4. d3
Be7  5. Be2  d6
6. O-O  Be6  7. Be3  d5
8. Ng5  O-O  9. Qd2
d4  10. Nb5  dxe3
11. fxe3  Bc4  12. Nc3
Be6  13. Rad1  Nd7
14. Nxe6  fxe6  15. Rxf8+
Qxf8  16. Rf1  Qe8
17. d4  Bg5  18. d5
exd5  19. exd5  Nd4
20. Nb5  Nxb5  21. Bxb5
Rd8  22. Qd3  c6
23. dxc6  bxc6  24. Bc4+
Kh8  25. Bf7  Qe7
26. Qe4  Rf8  27. Rf3
Rxf7  28. Qxc6  g6
29. Rxf7  Bxe3+  30. Kh1
Qxf7  31. Qc8+  Kg7
32. h3  Qf1+  33. Kh2
Bf4+  34. g3  Qf2+
35. Kh1  Qxg3  36. Qxd7+
Kh6  37. Qd2  Bxd2
38. b4  Bf4  39. b5
Qh2#  0-1

[Event "MCR mladeze, Kouty 2018 - D10"]
[Site "Kouty nad Desnou"]
[Date "2018.03.13"]
[Round "5"]
[White "Hosova, Stella"]
[Black "Souralova, Jana"]
[Result "1-0"]
[WhiteElo "1100"]
[BlackElo "1016"]
[EventDate "2018.03.10"]

1. e4  e5  2. Nc3  Nf6
3. f4  d5  4. fxe5
Nxe4  5. Nxe4  dxe4
6. d4  Nc6  7. Bc4
Qxd4  8. Qe2  Be7
9. Qf1  Nb4  10. Qxf7+
Kd8  11. Bb3  Qxe5
12. Qc4  Be6  13. Bf4
Bxc4  14. O-O-O+  Qd5
15. Bxc4  Nd3+  16. Bxd3
Qc5  17. Bxe4+  Bd6
18. Bf5  Qxf5  19. Bd2
Re8  20. Nf3  Be5
21. Bf4+  Bd6  22. Bg5+ Kd7
23. Rd2  h6  24. Bh4
g5  25. Bf2  Ke7
26. g3  Qxf3  27. Rf1
h5  28. Kb1  Bc5
29. Bxc5+  1-0

[Event "MCR mladeze, Kouty 2018 - D10"]
[Site "Kouty nad Desnou"]
[Date "2018.03.13"]
[Round "5"]
[White "Vojcakova, Anastazie"]
[Black "Veverkova, Dorota"]
[Result "0-1"]
[WhiteElo "1000"]
[BlackElo "1086"]
[EventDate "2018.03.10"]

1. d4  d5  2. Bf4  Nf6
3. e3  Bf5  4. Bd3
Bg6  5. Nf3  e6
6. O-O  Bd6  7. Bxd6  Qxd6
8. Nbd2  Nbd7  9. Re1
O-O-O  10. Ng5  Bh5
11. Be2  Bg6  12. Ndf3
h6  13. Nh3  Bf5
14. Bd3  g5  15. Nd2
Bxh3  16. gxh3  h5
17. Nf3  Rdg8  18. Bb5
g4  19. hxg4  Rxg4+
20. Kf1  a6  21. Bxd7+
Nxd7  22. Qd3  f6
23. h3  Rgg8  24. Rad1
Nb6  25. Nd2  Qh2
26. Nf3  Qxh3+  27. Ke2
Rg2  28. Ng1  Qg3
29. Kd2  Nc4+  30. Kc1
Qd6  31. b3  Qa3+
32. Kb1  Qb2# 0-1

[Event "MCR mladeze, Kouty 2018 - D10"]
[Site "Kouty nad Desnou"]
[Date "2018.03.13"]
[Round "5"]
[White "Barteckova, Valerie"]
[Black "Vojcakova, Cecilie"]
[Result "0-1"]
[WhiteElo "1080"]
[BlackElo "1000"]
[EventDate "2018.03.10"]

1. e4 Nf6  2. Nc3  d5  3. e5
Nfd7  4. Nf3  Nc6
5. d4  f6  6. Bf4
fxe5  7. dxe5  e6
8. Bb5  Bb4  9. O-O
O-O  10. Qe1  Rxf4
11. a3  Bc5  12. Qd2
Qf8  13. b4  Be7
14. Ne2  Rf5  15. Bxc6
bxc6  16. Qc3  Bb7
17. Ng3  Ba6  18. Nxf5
Bxf1  19. Nxe7+  Qxe7
20. Qxc6  Rf8  21. Kxf1
Qf7  22. Qxc7  Nxe5
23. Qxf7+  Nxf7  24. Re1
Re8  25. a4  e5
26. Rd1  e4  27. Nh4  e3
28. Rxd5  e2+  29. Ke1
Nd8  30. Nf5  Nc6
31. Ng3  Nxb4  32. Rd1
Nxc2+  33. Kd2  e1=Q+ 34. Rxe1
Nxe1  35. Kc3  Nxg2  36. Kc4
Rd8  37. Kb5  Nf4
38. Ka6  Nd3  39. f3
Rb8  40. Kxa7  Rb4
41. a5  Rf4  42. Kb6
Rxf3  43. a6  Rf8
44. Nf5  Rxf5  45. a7
Rf8  46. Kb7  Rf7+
47. Kb8  Rxa7  48. Kc8
Kf7  49. Kb8 Re7 50. h4  Ke6
51. h5  Rd7  52. h6
gxh6  53. Kc8  Kd6
54. Kb8  Rc7  55. Ka8
Kc6  56. Kb8  Kb6
57. Ka8  Rc8# 0-1

[Event "MCR mladeze, Kouty 2018 - D10"]
[Site "Kouty nad Desnou"]
[Date "2018.03.13"]
[Round "5"]
[White "Zamarska, Natalie"]
[Black "Hladka, Leontyna"]
[Result "0-1"]
[WhiteElo "1000"]
[BlackElo "1078"]
[EventDate "2018.03.10"]

1. e4  e5  2. Nf3  Nc6
3. d4  exd4  4. Nxd4 Bc5 5. Nb3
Bb6  6. Nc3  Nf6
7. Bc4  O-O  8. O-O
d6  9. Nd5  Nxe4
10. Bd3  Nf6  11. Nxf6+
Qxf6  12. Qh5  h6
13. Bg5  Qe5  14. Rae1
Qxg5  15. Be2  Qxh5
16. Bxh5  Be6  17. Re2
Bxb3  18. cxb3  Nd4
19. Re4  Rfe8  20. Rfe1
Rxe4  21. Rxe4  Kf8
22. Rf4  g6  23. Bxg6
Ke7  24. Bxf7  Rf8
25. g4  Rxf7  26. Rxf7+ Kxf7 27.
h4  Ne6  28. a4  Ba5
29. h5 Kf6 30. Kg2  Kg5  31. Kg3
d5  32. f4+ Nxf4 33. Kf3  d4
34. Ke4  d3  35. Ke3
d2  36. b4  d1=Q
37. bxa5  Qd3+  38. Kf2 Kxg4 39.
b4  Qf3+  40. Kg1 Qg2# 0-1

[Event "MCR mladeze, Kouty 2018 - D10"]
[Site "Kouty nad Desnou"]
[Date "2018.03.13"]
[Round "5"]
[White "Stavova, Lucie"]
[Black "Micova, Barbora"]
[Result "0-1"]
[WhiteElo "1000"]
[BlackElo "1000"]
[EventDate "2018.03.10"]

1. e4  e5  2. Nf3  Nc6
3. Nc3  Nf6  4. Bc4
Bb4  5. O-O  d6
6. a3  Bxc3  7. dxc3  Bg4
8. Be3  O-O  9. Bg5
h6  10. Be3  Nxe4
11. Qd5  Nf6  12. Qd1
e4  13. Be2  exf3
14. Bxf3  Qd7  15. h3
Bxf3  16. Qxf3  Rfe8
17. Rfe1  Re5  18. Rad1 Qf5
19. Qe2  Rae8  20. Qd2
Rd5  21. Qc1  Rxd1
22. Rxd1  Na5  23. b4
Nc4  24. Bxa7  b6
25. Rd4  Ra8  26. Rxc4
Rxa7  27. b5  Qxb5
28. Rb4  Qa5  29. Rb3
Ne4  30. Qe1  Nc5
31. Qe8+  Kh7  32. Rb5
Qa4  33. Qe2  Qxa3
34. Qc4  Qc1+  35. Kh2
Qxc2  36. Rb4  Ra2
37. Qg4 Qxc3  38. Qf5+  Kg8
39. Rg4  Qf6  40. Qc8+
Kh7  41. Qxc7  Qe5+
42. g3  Rxf2+  43. Kg1
Qe1# 0-1

[Event "MCR mladeze, Kouty 2018 - D10"]
[Site "Kouty nad Desnou"]
[Date "2018.03.13"]
[Round "5"]
[White "Souralova, Alena"]
[Black "Mrazova, Vendula"]
[Result "0-1"]
[WhiteElo "1000"]
[BlackElo "1100"]
[EventDate "2018.03.10"]

1. e4  e5  2. Nf3  Nc6
3. Nc3  Nf6  4. Bc4
Nxe4  5. Nxe4  d5
6. Bb5  dxe4  7. Bxc6+
bxc6 8. Nxe5  Bd6  9. Nxc6
Qd7  10. Na5  O-O
11. O-O  Qe6  12. Nc6
Bd7  13. Nd4 Qe5 14. c3  Qxh2#
0-1

[Event "MCR mladeze, Kouty 2018 - D10"]
[Site "Kouty nad Desnou"]
[Date "2018.03.13"]
[Round "5"]
[White "Svrchokrylova, Ludmila"]
[Black "Kubickova, Linda"]
[Result "1-0"]
[WhiteElo "1100"]
[BlackElo "1000"]
[EventDate "2018.03.10"]

1. e4 e5 2. Nf3  d6  3. Bc4  Nh6
4. d3  Bg4  5. h3
Bh5  6. Bxh6  gxh6
7. Nc3  Rg8  8. Qe2
Nc6  9. O-O-O  Nb4
10. g4  Bg6  11. g5
hxg5  12. Nxg5  Qxg5+
13. Rd2  Qg2  14. Rdd1
Qg5+  15. Kb1  h5
16. Rhg1  Qh4  17. Qf3
Bh6  18. Rxg6  fxg6
19. Qf7+  Kd8  20. Qxg8+
Kd7  21. Qxa8  Qe7
22. Qxb7  a6  23. Qxb4
Bf8  24. Nd5 Qe6  25. Nb6+
Ke7  26. Bxe6  Kxe6
27. Nc8  Bh6  28. Rg1
g5  29. Rg3  h4
30. Rf3  Bg7  31. Qc4+  Kd7
32. Na7  c6  33. Qf7+
Kd8 34. Qxg7 Ke8  35. Rf8# 1-0

[Event "MCR mladeze, Kouty 2018 - D10"]
[Site "Kouty nad Desnou"]
[Date "2018.03.13"]
[Round "5"]
[White "Hujerova, Melisa"]
[Black "Pecova, Melisa"]
[Result "0-1"]
[WhiteElo "1000"]
[BlackElo "1000"]
[EventDate "2018.03.10"]

1. e4  e5  2. Nf3  Nc6
3. Nc3  Nf6  4. Bc4
Bc5  5. d3  Ng4
6. O-O d6 7. Bd2  Qf6  8. Qe2
Qh6  9. h3  Qh5  10. Rae1
O-O  11. Nh2  Qg5
12. Bxg5  Nd4  13. Qd2
Nxh2  14. Kxh2  Bd7
15. Rh1  c6  16. Kg1
d5  17. exd5  cxd5
18. Bxd5  Rfe8  19. Na4
Bd6  20. Bxb7 Rab8 21. Bd5  e4
22. Bxe4  Re6  23. Bd5
Rg6  24. Be3  Nf5
25. Bxa7  Rc8  26. Bb7
Rc7  27. Re2  Rxb7
28. Qe1  h6  29. Bd4
Nxd4  30. Re4  Nf3+
31. Kf1  Nxe1  32. Kxe1 Rxg2 33.
c4  Bxa4  34. d4  Rxb2
35. Re2  Rb1+  36. Kd2
Rxh1  37. c5  Bf4+
38. Kd3  Bb5+  39. Ke4
Bxe2  40. c6 Bg5 41. c7  Rc1
42. a4  Rxc7  43. d5
Rxf2  44. Ke5  Bf6+
45. Kd6  Re7  46. Kc6
Bd4  47. d6  Ra7
48. d7  Rf6+  49. Kd5
Ra5+  50. Ke4  Rg6
51. d8=Q+  Kh7  52. Qxa5
Rd6  53. Qd2  Bc5
54. Qxe2  Re6+  55. Kd3
Rxe2  56. Kxe2  g5
57. a5  g4  58. hxg4
f5  59. gxf5  Kg7
60. Kd3  Bb4  61. Ke4
Bxa5  62. Ke5  h5
63. f6+  Kg6  64. Ke6
h4  65. f7  Kg7
66. Ke7  Bb4+  67. Ke8  h3
68. f8=Q+ Bxf8  69. Kd7  h2
70. Ke6  h1=Q  71. Ke5
Qh2+  72. Kd5 Qd6+  73. Ke4 Kf6
74. Kf3  Kf5  75. Ke3  Qf4+
76. Kd3  Qe4+  77. Kc3 Ke5 78.
Kb3  Qb4+  79. Kc2  Kd4
80. Kc1  Bh6+  81. Kd1
Ke4  82. Kc2  Qd2+
83. Kb3  Kd4  84. Ka4
Kc4  85. Ka3  Qb4+
86. Ka2  Qb3+  87. Ka1 Bg7# 0-1

[Event "MCR mladeze, Kouty 2018 - D10"]
[Site "Kouty nad Desnou"]
[Date "2018.03.13"]
[Round "5"]
[White "Kosarova, Eliska"]
[Black "Barteckova, Nikol"]
[Result "0-1"]
[WhiteElo "1000"]
[BlackElo "1000"]
[EventDate "2018.03.10"]

1. e4  e5  2. Qh5  Nf6
3. Qxe5+  Be7  4. c4
Nc6  5. Qf5  O-O
6. d3  d6  7. Qf4
Nh5  8. Qe3  Bg5
9. f4  Bxf4 10. Qf3 Bxc1 11. Qxh5 Bxb2
12. Nd2  Bxa1  13. Be2
Bc3  14. Bg4  Bd7
15. Bf5  Bxf5  16. Qxf5
Nd4  17. Qd5  Qh4+
18. g3  Nc2+  19. Kf1
Qf6+  20. Ngf3  Bxd2
21. Ke2  Be3  22. Qxb7
Rae8  23. Qxc7  Rc8
24. Qa5  Rc5  25. Qa4
Nd4+  0-1

[Event "MCR mladeze, Kouty 2018 - D10"]
[Site "Kouty nad Desnou"]
[Date "2018.03.14"]
[Round "6"]
[White "Sikorova, Jana"]
[Black "Janouskova, Adela"]
[Result "1/2-1/2"]
[WhiteElo "1295"]
[BlackElo "1399"]
[EventDate "2018.03.10"]

1. d4  d5  2. Bf4  Nf6
3. e3  e6  4. Nf3
Be7  5. c4  c5
6. cxd5  exd5  7. Nc3  a6
8. Be2  O-O  9. Ne5
Ne4  10. Nxe4  dxe4
11. Bc4  b5  12. Bb3
Qa5+  13. Qd2  Qxd2+
14. Kxd2  c4  15. Bc2
Bb7  16. f3  f6
17. Ng4  exf3  18. gxf3  Bxf3
19. Rhg1  Bb4+  20. Kc1
g5  21. Nh6+  Kg7
22. Nf5+  Kf7  23. Bd6
Bxd6  24. Nxd6+  Ke6
25. Ne4  h5  26. Kd2
Nd7  27. Raf1  Bxe4
28. Bxe4  Rad8  29. Bf5+
Kd5  30. Kc3  Nb6
31. e4+  Kc6  32. Rd1
Na4+  33. Kc2  Kd6
34. Rge1  h4  35. e5+
fxe5  36. dxe5+  Ke7
37. Bg4  1/2-1/2

[Event "MCR mladeze, Kouty 2018 - D10"]
[Site "Kouty nad Desnou"]
[Date "2018.03.14"]
[Round "6"]
[White "Cinkova, Vicky"]
[Black "Hrbkova, Johana"]
[Result "1/2-1/2"]
[WhiteElo "1100"]
[BlackElo "1093"]
[EventDate "2018.03.10"]

1. e4  e5  2. f4  exf4
3. Nf3  Be7  4. g3
fxg3  5. hxg3  c6
6. d4  d5  7. e5
Bg4  8. Nbd2  Nd7
9. Qe2  Nb6  10. Bh3
Bxh3  11. Rxh3  Qd7
12. Rh1  O-O-O  13. Nb3
Re8  14. Nc5  Bxc5
15. dxc5  Na4  16. Be3
Nxb2  17. Kf2  Qf5
18. Bd4  Nc4  19. Qd3
Qxd3  20. cxd3  Na3
21. Rhc1  Nb5  22. e6
Nxd4  23. Nxd4  fxe6
24. Re1  e5  25. Kg2
Nf6  26. Nf5  Kc7
27. Nxg7  Reg8  28. Ne6+
Kd7  29. Rxe5  Ng4
30. Ree1  Re8  31. Ng7
Rxe1  32. Rxe1  Rg8
33. Nf5  b5  34. cxb6
axb6  35. Re7+  Kc8
36. Nd6+  Kd8  37. Rxh7
Rf8 38. Nf7+  Ke8  39. Nd6+
Kd8  40. Nb7+  Kc8
41. Nd6+  Kb8  42. Rb7+
Ka8  43. Rxb6  Rf2+
44. Kh3  Ne3  45. Rxc6
Rf6  46. Rc8+  Ka7
47. Nb5+  Ka6  48. Nc7+
Kb7  49. Rh8  Kxc7
50. g4  Ra6  51. Rh7+
Kc6  52. Rh6+  Kb5
53. g5  Rxa2  54. g6
Nf5  55. Rh5  Rf2
56. Kg4  Ng7  57. Rxd5+
Kc6  58. Rd4  Rg2+
59. Kf4  Rxg6  60. Rc4+
Kd5  61. Ra4  Ne6+
62. Ke3  Rg3+  63. Kd2
Nc5  64. Ra5  Kd4
65. Ra3  Nxd3  66. Rb3
Rg2+  67. Kd1  Kc4
68. Ra3  Kb4  69. Ra4+
Kxa4 1/2-1/2

[Event "MCR mladeze, Kouty 2018 - D10"]
[Site "Kouty nad Desnou"]
[Date "2018.03.14"]
[Round "6"]
[White "Dudkova, Josefina"]
[Black "Hetfleischova, Elen"]
[Result "1/2-1/2"]
[WhiteElo "1182"]
[BlackElo "1250"]
[EventDate "2018.03.10"]

1. e4  c5  2. f4  b6
3. Nf3  Bb7  4. Nc3
e6  5. Bc4  a6
6. Bd3  d5  7. exd5  exd5
8. O-O  Be7  9. Qe2
Nf6  10. Re1  Nc6
11. b3  O-O  12. Bb2
Re8  13. Qf2  c4
14. Qg3  cxd3  15. cxd3
b5  16. a3  Qb6+
17. Kh1  Rad8  18. Ne5
Nd4  19. Qe3  Qa7
20. Ne2  Qa8  21. Qxd4
Rc8  22. Rac1  h6
23. Qf2  Bd6  24. Qg3
Nh5  25. Qg4  Nf6
26. Qg3  Nh5 1/2-1/2

[Event "MCR mladeze, Kouty 2018 - D10"]
[Site "Kouty nad Desnou"]
[Date "2018.03.14"]
[Round "6"]
[White "Filipova, Vanesa"]
[Black "Zadrapova, Amalie"]
[Result "0-1"]
[WhiteElo "1247"]
[BlackElo "1141"]
[EventDate "2018.03.10"]

1. e4  c5  2. Nf3  d6
3. Bc4  Nf6  4. Nc3
g6  5. Ng5  e6
6. d3  Bg7  7. Be3  O-O
8. O-O  Nc6  9. a3
b6  10. Rb1  Rb8
11. b4  Bd7  12. Qf3
Qe7  13. Qh3  Rfe8
14. Qg3  Nh5  15. Qf3
Bxc3  16. Rfd1  Bd4
17. Re1  Bxe3  18. Qxe3
Nd4  19. Rb2  Qf6
20. Ra2  Ba4  21. Bb3
Bxb3  22. cxb3  Nxb3
23. Nf3  Qf4  24. bxc5
Qxe3  25. Rxe3 bxc5  26. Rb2
Nd4  27. Ra2  Nxf3+
28. gxf3  g5  29. e5
Rb1+  30. Kg2  Nf4+
31. Kg3  Rg1# 0-1

[Event "MCR mladeze, Kouty 2018 - D10"]
[Site "Kouty nad Desnou"]
[Date "2018.03.14"]
[Round "6"]
[White "Micova, Barbora"]
[Black "Dobsa, Emma"]
[Result "0-1"]
[WhiteElo "1000"]
[BlackElo "1195"]
[EventDate "2018.03.10"]

1. e4  e5  2. Nf3  Nc6
3. Nc3  Nf6  4. Bb5
Bb4  5. d3  d6
6. Bg5  h6  7. Bh4  a6
8. Bxc6+  bxc6  9. O-O
O-O  10. Re1  Bg4
11. Re3  Bc5  12. Re1
g5  13. Bg3  Nh5
14. h3  Bxh3  15. gxh3
Nxg3  16. Kh2  Bxf2 17. Rf1
Nxf1+  18. Qxf1  Bb6
19. Qg2  Qf6  20. Ne2
d5  21. h4  Be3
22. Rf1  Bf4+  23. Nxf4  Qxf4+
24. Kh1  f6  25. Nxg5
Qxh4+  26. Nh3+  Kh7
27. Rg1  Rg8  28. Qh2
Rxg1+  29. Kxg1  Rg8+
30. Kh1  Rg3  31. Qe2
Qxh3+  32. Qh2  Qf1+
33. Qg1  Rh3#  0-1